| Tag |
First Indicator |
Second Indicator |
Subfields |
| LEADER |
00000pam a2200000 a 4500 |
| 001 |
in00000086210 |
| 005 |
20151008062612.0 |
| 008 |
820208s1982 nyua b 00100 eng |
| 010 |
|
|
|a 82000553
|
| 020 |
|
|
|a 0306409984
|
| 035 |
|
|
|a (OCoLC)08222174
|
| 035 |
|
|
|9 AAK0566AM
|
| 040 |
|
|
|a DLC
|c DLC
|d TXA
|d UtOrBLW
|
| 049 |
|
|
|a TXAM
|c [1561750]
|
| 050 |
0 |
0 |
|a LC3715
|b I83 1982
|
| 082 |
0 |
|
|a 371.97
|2 19
|
| 245 |
0 |
0 |
|a Issues in international bilingual education :
|b the role of the vernacular /
|c edited by Beverly Hartford and Albert Valdman and Charles R. Foster.
|
| 264 |
|
1 |
|a New York :
|b Plenum Press,
|c [1982]
|
| 264 |
|
4 |
|c ©1982
|
| 300 |
|
|
|a xiv, 348 pages :
|b illustrations ;
|c 24 cm.
|
| 336 |
|
|
|a text
|b txt
|2 rdacontent
|
| 337 |
|
|
|a unmediated
|b n
|2 rdamedia
|
| 338 |
|
|
|a volume
|b nc
|2 rdacarrier
|
| 490 |
1 |
|
|a Topics in language and linguistics
|
| 500 |
|
|
|a Includes index.
|
| 504 |
|
|
|a Bibliography: pages 305-329.
|
| 650 |
|
0 |
|a Education, Bilingual.
|
| 700 |
1 |
|
|a Valdman, Albert.
|
| 700 |
1 |
|
|a Hartford, Beverly.
|
| 700 |
1 |
|
|a Foster, Charles Robert,
|d 1927-
|
| 830 |
|
0 |
|a Topics in language and linguistics.
|
| 999 |
|
|
|a MARS
|
| 999 |
f |
f |
|s de0ac8ff-4e79-3534-8253-b6453954051d
|i dba09993-8b8c-3bbd-bbc5-cc2645d188c8
|t 0
|
| 952 |
f |
f |
|p normal
|a Texas A&M University
|b College Station
|c Sterling C. Evans Library
|d Evans: Library Stacks
|t 0
|e LC3715 I83 1982
|h Library of Congress classification
|i unmediated -- volume
|m A14805955443
|
| 998 |
f |
f |
|a LC3715 I83 1982
|t 0
|l Evans: Library Stacks
|